000 00420nam a2200205Ia 4500
001 001092
003 YMCAF
005 20230512160047.0
008 100717s1971 ||||||||||||||||| ||und|d
024 _a1092
035 _a1074
040 _aYMCAF
_beng
_cIN-KoLT
041 _aeng
082 _aSCH-HEI
100 _aHEIM KLAUS
245 0 _aSCHALTUNGS SALGEBRA
260 _c1971
300 _a159
942 _2ddc
_cBK
999 _c877
_d877